000 00652nam a2200217Ia 4500
005 20230619120127.0
008 131103s9999 xx 000 0 und d
040 _aLoreto College
041 _aEnglish
082 _a940.28
_bKET
100 _aKetelbey,C.D.M.
245 2 _aA history of modern times
_b from 1789
_cC.D.M.Ketelbey
250 _a4th ed.,substantially rev.
260 _aLondon
_bGeorge G.Harrap & Co.
_c1964
300 _a730 p.
_b ill.,maps
504 _aIncludes bibliographical references and index
650 _aModern History - Since 1789
651 _aEurope - Modern History - Since 1789
850 _aLCLIB
942 _cBK
999 _c8757
_d59236